[Event "4. Wittelsbacher Weihnachts-Schach-Open"]
[Site "Kelheim"]
[Date "2015.12.27"]
[Round "2.64"]
[White "Boos-Guckes, Astrid"]
[Black "Kutschera, Reinhardt"]
[Result "0-1"]
[WhiteElo "1483"]
[BlackElo "1535"]
[PlyCount "66"]
[EventDate "2015.??.??"]
[WhiteTeam "SV Worms"]
[BlackTeam "DJK-Regensburg Nord"]

1. e4 d6 2. Nc3 g6 3. d4 Nf6 4. Be3 Bg7 5. Bc4 O-O 6. Nge2 c6 7. Qd2 b5 8. Bb3
a5 9. a4 b4 10. Nd1 Nxe4 11. Qc1 Nd7 12. Bh6 Qb6 13. Bxg7 Kxg7 14. O-O Ba6 15.
Qe3 Bxe2 16. Qxe2 Qxd4 17. Bc4 Nd2 18. c3 bxc3 19. bxc3 Qxc4 20. Qxd2 Nc5 21.
Ne3 Qb3 22. Qd4+ f6 23. g4 Rfd8 24. g5 e5 25. gxf6+ Kxf6 26. Qh4+ Kg7 27. Qe7+
Qf7 28. Qg5 Ne4 29. Qh4 Qf3 30. Qe7+ Kh8 31. Rad1 Rf8 32. Qh4 Rf4 33. Ng4 Rxg4+
0-1

[Event "Kelheim"]
[Site "Kelheim"]
[Date "2015.12.28"]
[Round "3.1"]
[White "Belezky, Alexander"]
[Black "Wimmer, Alfred"]
[Result "1-0"]
[WhiteElo "2463"]
[BlackElo "2026"]
[PlyCount "57"]
[EventDate "2015.??.??"]
[WhiteTeam "FC Bayern München"]
[BlackTeam "SC Moosburg"]

1. Nf3 Nf6 2. g3 g6 3. Bg2 Bg7 4. d3 O-O 5. O-O d6 6. a4 e5 7. a5 c6 8. c4 h6
9. Nc3 Na6 10. Bd2 Be6 11. Qb1 Nh5 12. b4 Qd7 13. b5 Nc5 14. a6 d5 15. axb7
Qxb7 16. bxc6 Qxb1 17. Raxb1 dxc4 18. Be3 Nb3 19. Nb5 cxd3 20. exd3 Na5 21.
Nxa7 Rxa7 22. Bxa7 Nxc6 23. Bb6 Re8 24. Rfc1 Ne7 25. Bc7 f6 26. Nd2 Nd5 27. Ba5
Bf8 28. Rb5 Ne7 29. Ne4 1-0

[Event "4. Wittelsbacher Weihnachts-Schach-Open"]
[Site "Kelheim"]
[Date "2015.12.28"]
[Round "3.2"]
[White "Specht, Helmut"]
[Black "Hacker, Jonas"]
[Result "0-1"]
[WhiteElo "1988"]
[BlackElo "2357"]
[PlyCount "84"]
[EventDate "2015.??.??"]
[WhiteTeam "TSV Mindelheim"]
[BlackTeam "SC Eppingen"]

1. e4 g6 2. d4 Bg7 3. c3 d6 4. f4 d5 5. e5 h5 6. Nf3 Nh6 7. Bd3 c6 8. O-O Bf5
9. Nh4 Bxd3 10. Qxd3 e6 11. Nxg6 Rg8 12. f5 fxg6 13. f6 Nf5 14. fxg7 Rxg7 15.
Nd2 Nd7 16. Rf2 Qe7 17. Nf1 O-O-O 18. b4 Nb6 19. a4 Nc4 20. Nd2 Nxd2 21. Qxd2
g5 22. Ba3 g4 23. Re2 h4 24. b5 Qc7 25. Qd3 Kb8 26. Rb2 cxb5 27. Rxb5 g3 28. h3
Qc6 29. a5 Qc4 30. Qxc4 dxc4 31. Rab1 Rgd7 32. Bc5 Ka8 33. R5b4 Ne3 34. R1b2
Rf7 35. Rb1 Rdd7 36. R4b2 Rf4 37. Re2 Nd5 38. Rc1 Rdf7 39. Ree1 Rf2 40. Rf1 Ne3
41. Rfe1 Nd5 42. Bb4 Nf4 0-1

[Event "4. Wittelsbacher Weihnachts-Schach-Open"]
[Site "Kelheim"]
[Date "2015.12.28"]
[Round "3.3"]
[White "Lohr, Werner"]
[Black "Promyshlyanskyy, Vitaliy"]
[Result "0-1"]
[WhiteElo "1911"]
[BlackElo "2244"]
[PlyCount "94"]
[EventDate "2015.??.??"]
[WhiteTeam "TSV Mainburg"]
[BlackTeam "SC Noris-Tarrasch Nürnberg"]

1. e4 Nc6 2. Nf3 d6 3. d4 Nf6 4. Bd3 g6 5. c3 Bg7 6. h3 e5 7. d5 Ne7 8. c4 O-O
9. Nc3 Nd7 10. Qe2 a5 11. b3 Nc5 12. Be3 Na6 13. g4 Bd7 14. a3 c6 15. Kd2 Nc5
16. Bxc5 dxc5 17. Rab1 Nc8 18. Qe3 b6 19. Rbg1 Nd6 20. a4 h6 21. h4 Qe7 22. g5
h5 23. Kc2 Rfb8 24. Nd2 Qe8 25. dxc6 Bxc6 26. Nd5 Bxd5 27. exd5 e4 28. Nxe4
Nxe4 29. Qxe4 Qd7 30. Qf4 Rf8 31. Re1 Rae8 32. Qg3 b5 33. axb5 a4 34. bxa4 Qa7
35. Be4 Qxa4+ 36. Qb3 Qa5 37. f3 Qb6 38. Rd1 Qd6 39. b6 Ra8 40. Rb1 Rfb8 41.
Rhd1 Rb7 42. Rh1 Ra6 43. Qb5 Raxb6 44. Qe8+ Kh7 45. Rb5 Rxb5 46. cxb5 Ra7 47.
Qc6 Qe5 0-1

[Event "4. Wittelsbacher Weihnachts-Schach-Open"]
[Site "Kelheim"]
[Date "2015.12.28"]
[Round "3.4"]
[White "Gießmann, Stephan"]
[Black "Schmitz, Marc"]
[Result "1-0"]
[WhiteElo "2259"]
[BlackElo "1748"]
[PlyCount "66"]
[EventDate "2015.??.??"]
[WhiteTeam "SK Kelheim"]
[BlackTeam "SV Saal/Donau"]

1. d4 Nf6 2. Bf4 g6 3. Nf3 Bg7 4. e3 Nh5 5. Bg5 h6 6. Bh4 d6 7. Bc4 O-O 8. Nc3
c6 9. e4 Qc7 10. Qd2 a5 11. a4 Na6 12. h3 e5 13. Rd1 Kh7 14. dxe5 dxe5 15. Bd8
Qb8 16. Be7 Re8 17. Bd6 Qa7 18. Bxf7 Rd8 19. Ng5+ hxg5 20. Qxg5 Nf4 21. Qxd8
Nxg2+ 22. Kf1 Be6 23. Qe7 Bxf7 24. Kxg2 Kg8 25. Bxe5 Nc5 26. Rd8+ Rxd8 27.
Qxd8+ Kh7 28. Bxg7 Kxg7 29. Qd4+ Kh7 30. Rd1 b6 31. Qf6 Ne6 32. Rd6 Ng7 33.
Rxc6 Nh5 1-0

[Event "4. Wittelsbacher Weihnachts-Schach-Open"]
[Site "Kelheim"]
[Date "2015.12.28"]
[Round "3.5"]
[White "Amtmann, Florian"]
[Black "Goderbauer, Josef"]
[Result "0-1"]
[WhiteElo "2139"]
[BlackElo "1857"]
[PlyCount "174"]
[EventDate "2015.??.??"]
[WhiteTeam "Spvgg Stetten"]
[BlackTeam "SC Moosburg"]

1. e4 g6 2. d4 Bg7 3. f3 d6 4. c4 Nd7 5. Nc3 b6 6. Nge2 c5 7. d5 Ne5 8. Ng3 h5
9. Be2 Nf6 10. O-O h4 11. Nh1 Qd7 12. h3 Ba6 13. Qb3 Qc8 14. f4 Ned7 15. Qa4
Nh5 16. Bg4 Bb7 17. Bd2 Bd4+ 18. Kh2 Nhf6 19. Bf3 Qc7 20. Nb5 Qb8 21. Nxd4 cxd4
22. Rad1 Kd8 23. Bc1 Nc5 24. Qc2 d3 25. Qc3 Kd7 26. Rfe1 a5 27. Nf2 Qc7 28. b3
Ba6 29. a4 Rag8 30. Nxd3 Nxd3 31. Qxd3 Nh5 32. Be3 f6 33. Kg1 Kc8 34. Qd2 Kb7
35. e5 fxe5 36. fxe5 Re8 37. Bd4 Rhf8 38. Bxh5 gxh5 39. e6 Rg8 40. Qh6 Rg3 41.
Re3 Reg8 42. Rxg3 Rxg3 43. Rb1 Qd8 44. Bf2 Rd3 45. Qxh5 Qg8 46. Qf7 Qg5 47. b4
Bxc4 48. Bxb6 Bxd5 49. Qf1 Kxb6 50. Qf2+ Qe3 51. bxa5+ Ka7 52. Qxe3+ Rxe3 53.
Rb4 Re4 54. Rb5 Bxe6 55. Rh5 Rf4 56. Rh7 Bf7 57. g4 hxg3 58. Kg2 Ka6 59. Kxg3
Rf5 60. Kg4 e6 61. Rh8 Rxa5 62. Ra8+ Kb6 63. Rf8 Bg6 64. Rf4 Bf5+ 65. Kg3 Ra8
66. Rb4+ Kc5 67. Rb5+ Kc4 68. Rb6 d5 69. Rc6+ Kb4 70. h4 Kxa4 71. Rc1 Kb5 72.
Kf4 Ra4+ 73. Kg5 Rc4 74. Ra1 Rg4+ 75. Kf6 Rxh4 76. Ke5 Re4+ 77. Kd6 Kc4 78.
Rc1+ Kd3 79. Rd1+ Ke2 80. Ra1 d4 81. Ra2+ Kf1 82. Ra1+ Re1 83. Ra4 d3 84. Rf4+
Ke2 85. Rh4 d2 86. Rh2+ Kd1 87. Rh8 Kc1 0-1

[Event "4. Wittelsbacher Weihnachts-Schach-Open"]
[Site "Kelheim"]
[Date "2015.12.28"]
[Round "3.6"]
[White "Kreuzer, Helmut"]
[Black "Schmidt, Franz"]
[Result "1-0"]
[WhiteElo "2121"]
[BlackElo "1828"]
[PlyCount "101"]
[EventDate "2015.??.??"]
[WhiteTeam "SK Kelheim"]
[BlackTeam "SK Abensberg"]

1. d4 d5 2. c4 dxc4 3. Nf3 Nf6 4. Qa4+ c6 5. Qxc4 Bg4 6. Nbd2 e6 7. Ne5 Bh5 8.
Ndf3 Nbd7 9. g3 Bxf3 10. Nxf3 Bd6 11. Bg2 O-O 12. O-O e5 13. Rd1 e4 14. Nd2 Nb6
15. Qb3 Re8 16. Nf1 Qc7 17. Bd2 Nbd5 18. Rac1 Qb6 19. Qc2 Nb4 20. Qb1 Qb5 21.
Re1 Qh5 22. f3 exf3 23. Bxf3 Qg6 24. Qxg6 hxg6 25. a3 Na6 26. Bxc6 bxc6 27.
Rxc6 Ne4 28. Rxa6 Rab8 29. b4 Rec8 30. Rc1 Rxc1 31. Bxc1 Rc8 32. Be3 Bb8 33.
Kg2 g5 34. Nd2 Nxd2 35. Bxd2 Rc2 36. Bxg5 Rxe2+ 37. Kf3 Rxh2 38. Bf4 Bxf4 39.
gxf4 f5 40. Rxa7 Rh3+ 41. Kg2 Rd3 42. b5 Rxd4 43. b6 Rd2+ 44. Kg3 Rb2 45. b7
Kh7 46. a4 Kh6 47. a5 Kh5 48. a6 Rb3+ 49. Kf2 Kg4 50. Ra8 Kxf4 51. b8=Q+ 1-0

[Event "4. Wittelsbacher Weihnachts-Schach-Open"]
[Site "Kelheim"]
[Date "2015.12.28"]
[Round "3.7"]
[White "Lechermann, Markus"]
[Black "Gets, Alexej"]
[Result "1-0"]
[WhiteElo "2043"]
[BlackElo "1785"]
[PlyCount "97"]
[EventDate "2015.??.??"]
[WhiteTeam "MTV Ingolstadt"]
[BlackTeam "SC Noris-Tarrasch Nürnberg"]

1. d4 e6 2. Bf4 Nf6 3. e3 c5 4. c3 Qb6 5. Qb3 Nd5 6. Bg3 h5 7. Nf3 cxd4 8. exd4
Nc6 9. Nbd2 Qxb3 10. Nxb3 Be7 11. h4 a5 12. a3 b6 13. Rd1 Nf6 14. Bd3 Ba6 15.
O-O Bxd3 16. Rxd3 d5 17. Ne5 Nxe5 18. dxe5 Ne4 19. Nd4 Rc8 20. Kh2 O-O 21. f3
Nxg3 22. Kxg3 a4 23. Kh3 Rc4 24. g4 hxg4+ 25. fxg4 Bc5 26. Rfd1 Rc8 27. Kg3 Kf8
28. h5 Ke7 29. g5 Rh8 30. Kg4 f5+ 31. gxf6+ gxf6 32. exf6+ Kxf6 33. Rf1+ Kg7
34. Rf4 Bxd4 35. Rdxd4 b5 36. Rxc4 bxc4 37. Kg5 Rb8 38. Rf2 Rb5 39. h6+ Kg8 40.
Kg6 Rb7 41. Re2 Re7 42. Kf6 Rh7 43. Kxe6 d4 44. cxd4 Rxh6+ 45. Kd5 c3 46. bxc3
Rb6 47. c4 Rb3 48. c5 Rxa3 49. c6 1-0

[Event "4. Wittelsbacher Weihnachts-Schach-Open"]
[Site "Kelheim"]
[Date "2015.12.28"]
[Round "3.8"]
[White "Kreuzer, Martin"]
[Black "Müller, Jochen"]
[Result "1/2-1/2"]
[WhiteElo "2334"]
[BlackElo "1745"]
[PlyCount "92"]
[EventDate "2015.??.??"]
[WhiteTeam "SK Kelheim"]
[BlackTeam "Spvgg Stetten"]

1. e4 c5 2. Nf3 Nc6 3. d4 cxd4 4. Nxd4 e6 5. c3 Nf6 6. Bd3 d5 7. Nxc6 bxc6 8.
e5 Nd7 9. Bf4 Qb6 10. b3 Ba6 11. O-O Bxd3 12. Qxd3 Be7 13. Nd2 O-O 14. Qe2 Rfe8
15. Nf3 Nf8 16. Be3 Qc7 17. b4 Ng6 18. Bd4 c5 19. bxc5 Bxc5 20. Nd2 Bb6 21. Nb3
Rec8 22. f4 Ne7 23. Qf2 Nf5 24. g4 Nxd4 25. cxd4 Qc2 26. Rfc1 Qxf2+ 27. Kxf2
Kf8 28. Ke3 Ke7 29. Kd3 Kd7 30. h4 Rxc1 31. Rxc1 Rc8 32. Rxc8 Kxc8 33. h5 g6
34. Nd2 Kd7 35. Nf1 Bd8 36. Ne3 Be7 37. hxg6 hxg6 38. g5 Bf8 39. Kc3 Ba3 40.
Kc2 Bb4 41. Ng4 Ba3 42. Nf2 Bb4 43. Nd3 Be7 44. Kb3 Kc6 45. Nf2 Bd8 46. Ng4 Kd7
1/2-1/2

[Event "4. Wittelsbacher Weihnachts-Schach-Open"]
[Site "Kelheim"]
[Date "2015.12.28"]
[Round "3.9"]
[White "Vilsmeier, Christian"]
[Black "Blodig, Constantin"]
[Result "0-1"]
[WhiteElo "1994"]
[BlackElo "2037"]
[PlyCount "74"]
[EventDate "2015.??.??"]
[WhiteTeam "DJK-Regensburg Nord"]
[BlackTeam "SK Kelheim"]

1. e4 e5 2. f4 exf4 3. Nf3 g5 4. Bc4 Bg7 5. O-O d6 6. d4 Nc6 7. Nc3 h6 8. g3
Bh3 9. Rf2 Qd7 10. Bb5 Qg4 11. d5 fxg3 12. Rd2 a6 13. dxc6 axb5 14. Nxb5 Qc8
15. Rxd6 Ne7 16. Rd3 bxc6 17. Nc3 Qg4 18. Qe2 gxh2+ 19. Kxh2 Qh5 20. Kg1 Bg4
21. Qf2 O-O 22. Ne2 Rfd8 23. Ng3 Qg6 24. a4 Rxd3 25. cxd3 Qd6 26. Ne1 Qb4 27.
Nc2 Qd6 28. d4 Ng6 29. a5 Nh4 30. e5 Qd5 31. Nb4 Qb5 32. Bd2 Nf3+ 33. Kg2 Rxa5
34. Rxa5 Qxa5 35. Nxc6 Qxd2 36. Ne4 Qf4 37. Qc2 Ne1+ 0-1

[Event "4. Wittelsbacher Weihnachts-Schach-Open"]
[Site "Kelheim"]
[Date "2015.12.28"]
[Round "3.10"]
[White "Schmitz, Björn"]
[Black "Braun, Michael"]
[Result "1/2-1/2"]
[WhiteElo "2052"]
[BlackElo "2041"]
[PlyCount "101"]
[EventDate "2015.??.??"]
[WhiteTeam "SV Saal/Donau"]
[BlackTeam "SG Büchenbach/Roth"]

1. d4 d5 2. c4 c6 3. Nf3 Nf6 4. e3 e6 5. b3 Nbd7 6. Bb2 Bd6 7. Bd3 O-O 8. O-O
Qc7 9. c5 Be7 10. h3 b6 11. b4 a5 12. a3 axb4 13. axb4 Rxa1 14. Bxa1 Qa7 15.
Nc3 Bb7 16. Bb2 Ra8 17. Qc2 bxc5 18. bxc5 Ba6 19. Ra1 Qb7 20. Rxa6 Rxa6 21.
Bxa6 Qxa6 22. Qa4 Qxa4 23. Nxa4 Bd8 24. Bc3 Ne4 25. Be1 Bc7 26. Kf1 Kf8 27. Ng1
e5 28. f3 Ng5 29. Bg3 Ne6 30. Ne2 f6 31. Ke1 Ke7 32. Kd1 h5 33. Kc2 g5 34. Bh2
h4 35. Kb3 f5 36. Bxe5 Nxe5 37. dxe5 Bxe5 38. Kc2 Kf6 39. Kd3 g4 40. f4 Bc7 41.
Nd4 Nxd4 42. Kxd4 Ba5 43. Nb2 Ke6 44. Nd3 Bc7 45. Nf2 gxh3 46. gxh3 Bd8 47. Kd3
Be7 48. Kd4 Bf6+ 49. Kd3 Be7 50. Kd4 Bf6+ 51. Kd3 1/2-1/2

[Event "4. Wittelsbacher Weihnachts-Schach-Open"]
[Site "Kelheim"]
[Date "2015.12.28"]
[Round "3.11"]
[White "Bumes, Konrad"]
[Black "Blodig, Reinhard"]
[Result "1/2-1/2"]
[WhiteElo "2022"]
[BlackElo "2155"]
[PlyCount "30"]
[EventDate "2015.??.??"]
[WhiteTeam "SC Haar"]
[BlackTeam "TV Riedenburg"]

1. d4 g6 2. c4 Bg7 3. Nc3 c5 4. d5 Bxc3+ 5. bxc3 Qa5 6. Qc2 f5 7. f3 d6 8. Nh3
Nd7 9. Nf2 Ne5 10. e4 Bd7 11. a4 a6 12. Ra2 O-O-O 13. Be2 Rf8 14. Bf4 Nf7 15.
h4 fxe4 1/2-1/2

[Event "4. Wittelsbacher Weihnachts-Schach-Open"]
[Site "Kelheim"]
[Date "2015.12.28"]
[Round "3.12"]
[White "Bader, Dominic"]
[Black "Gruber, Johannes"]
[Result "0-1"]
[WhiteElo "2092"]
[BlackElo "1801"]
[PlyCount "70"]
[EventDate "2015.??.??"]
[WhiteTeam "SG Büchenbach/Roth"]
[BlackTeam "SC Sinzing"]

1. e4 e5 2. Nf3 Nc6 3. Nc3 Nf6 4. Bb5 Nd4 5. O-O Nxb5 6. Nxb5 d6 7. d4 Bd7 8.
Nc3 exd4 9. Qxd4 Be7 10. Bg5 O-O 11. Rad1 Bg4 12. Bxf6 Bxf6 13. e5 Bxf3 14.
exf6 c5 15. Qf4 Bxd1 16. fxg7 Re8 17. Rxd1 d5 18. h4 Qb8 19. Qg5 Re5 20. Qg3 d4
21. f4 Re3 22. Qf2 Qd8 23. Nd5 Re6 24. f5 Re5 25. c4 dxc3 26. Nxc3 Qb6 27. Nd5
Qc6 28. Qf3 Rae8 29. f6 Qc8 30. Qf4 c4 31. Rd4 Qc5 32. Qxe5 Rxe5 33. Ne7+ Rxe7
34. fxe7 Qxd4+ 35. Kf1 Qe5 0-1

[Event "4. Wittelsbacher Weihnachts-Schach-Open"]
[Site "Kelheim"]
[Date "2015.12.28"]
[Round "3.13"]
[White "Hummel, Thomas"]
[Black "Goderbauer, Benedikt"]
[Result "0-1"]
[WhiteElo "1918"]
[BlackElo "1971"]
[PlyCount "72"]
[EventDate "2015.??.??"]
[WhiteTeam "SK Neumarkt"]
[BlackTeam "SC Moosburg"]

1. b3 d5 2. Nf3 Nf6 3. Bb2 Bg4 4. h3 Bh5 5. e3 e6 6. Be2 c5 7. a4 Nc6 8. d3 Be7
9. g4 Bg6 10. g5 Nd7 11. Bxg7 Rg8 12. Bh6 e5 13. Rg1 e4 14. Nh4 Qc7 15. Rg2
O-O-O 16. Nc3 Qe5 17. Nb5 d4 18. Na3 dxe3 19. fxe3 exd3 20. Nxg6 dxe2 21. Qxd7+
Rxd7 22. Nxe5 Nxe5 23. Kxe2 Rgd8 24. Bg7 Rd2+ 25. Kf1 Rxg2 26. Kxg2 Rd2+ 27.
Kf1 Nf3 28. Bf6 Bxf6 29. gxf6 Kd7 30. c3 Ke6 31. Nc4 Rc2 32. Rd1 Kxf6 33. Rd3
Kg5 34. Nd6 Kh4 35. Nxf7 Kg3 36. Rd1 Rf2# 0-1

[Event "4. Wittelsbacher Weihnachts-Schach-Open"]
[Site "Kelheim"]
[Date "2015.12.28"]
[Round "3.14"]
[White "Stutz, Robert"]
[Black "Seitner, Ralf"]
[Result "0-1"]
[WhiteElo "1829"]
[BlackElo "2057"]
[PlyCount "103"]
[EventDate "2015.??.??"]
[WhiteTeam "TSV Grossmehring"]
[BlackTeam "SK Ingolstadt"]

1. Nf3 c5 2. b3 Nc6 3. Bb2 e6 4. e3 Nf6 5. d4 Be7 6. Be2 O-O 7. O-O a6 8. c4 d6
9. Nc3 Qc7 10. Rc1 b6 11. d5 Nb8 12. e4 e5 13. Nd2 Nbd7 14. Rc2 Ne8 15. Bg4 Bg5
16. Ne2 Ndf6 17. Bxc8 Rxc8 18. Ng3 g6 19. a3 Qe7 20. b4 Ng7 21. Nb3 Nd7 22. Qe2
Rc7 23. Bc1 Rfc8 24. Nd2 cxb4 25. axb4 b5 26. Nf3 Bf6 27. Nd2 Nb6 28. Ra2 Na4
29. Rc2 Qd7 30. Ba3 Bg5 31. Nf3 Bf4 32. Nd2 Bxd2 33. Qxd2 Rxc4 34. Rxc4 Rxc4
35. f4 Qe7 36. Qf2 Ne8 37. f5 f6 38. fxg6 hxg6 39. Qd2 Qh7 40. Qe2 Qh4 41. Qf2
Rc7 42. Bc1 Rh7 43. h3 Rc7 44. Bd2 Nc3 45. Kh2 Nxe4 46. Nxe4 Qxe4 47. Qb6 f5
48. Qb8 Kf7 49. Qd8 Qxd5 50. Bg5 Qb7 51. Bh6 Rc2 52. Qg5 0-1

[Event "4. Wittelsbacher Weihnachts-Schach-Open"]
[Site "Kelheim"]
[Date "2015.12.28"]
[Round "3.15"]
[White "Glück, Ulrich"]
[Black "Weigert, Wilhelm"]
[Result "1-0"]
[WhiteElo "1713"]
[BlackElo "2044"]
[PlyCount "57"]
[EventDate "2015.??.??"]
[WhiteTeam "MSA Zugzwang"]
[BlackTeam "Post Regensburg"]

1. d4 Nf6 2. c4 c5 3. d5 b5 4. cxb5 a6 5. Nc3 Qa5 6. e3 axb5 7. Bxb5 Bb7 8.
Nge2 Nxd5 9. O-O Nc7 10. a4 Nxb5 11. Nxb5 g6 12. Bd2 Qb6 13. Bc3 Qc6 14. f3 f6
15. e4 Bg7 16. Nf4 Na6 17. Qd5 e5 18. Nd6+ Ke7 19. Qf7+ Kxd6 20. Rfd1+ Kc7 21.
Ba5+ Kb8 22. Qxg7 Rc8 23. Nd5 c4 24. Bb6 Nc5 25. a5 Nb3 26. Ra3 Nd4 27. Qxf6 c3
28. Qxe5+ d6 29. Qxd4 1-0

[Event "4. Wittelsbacher Weihnachts-Schach-Open"]
[Site "Kelheim"]
[Date "2015.12.28"]
[Round "3.16"]
[White "Glawe, Ralf"]
[Black "Koellner, Ulrich"]
[Result "1-0"]
[WhiteElo "1997"]
[BlackElo "1865"]
[PlyCount "43"]
[EventDate "2015.??.??"]
[WhiteTeam "MTV Ingolstadt"]
[BlackTeam "SV Hofheim"]

1. e4 c6 2. d4 d5 3. exd5 cxd5 4. c4 Nf6 5. Nc3 g6 6. Qb3 Bg7 7. cxd5 O-O 8. g3
Re8 9. Bg2 e6 10. d6 Qxd6 11. Nge2 Nc6 12. O-O a6 13. Rd1 b5 14. Bf4 Qd7 15. d5
exd5 16. Nxd5 Nxd5 17. Rxd5 Qe6 18. Nc3 Ra7 19. Rad1 Rd7 20. Rxd7 Qxb3 21. axb3
Bxd7 22. Rxd7 1-0

[Event "4. Wittelsbacher Weihnachts-Schach-Open"]
[Site "Kelheim"]
[Date "2015.12.28"]
[Round "3.17"]
[White "Kranzl, Julian"]
[Black "Schulz, Siegfried"]
[Result "1-0"]
[WhiteElo "1929"]
[BlackElo "1831"]
[PlyCount "47"]
[EventDate "2015.??.??"]
[WhiteTeam "Hohenems"]
[BlackTeam "TSV Kirchenlaibach"]

1. e4 g6 2. d4 Bg7 3. Nc3 e6 4. Nf3 Ne7 5. Be3 d6 6. Qd2 O-O 7. Be2 Nd7 8. h4
e5 9. h5 exd4 10. Nxd4 Ne5 11. f3 a6 12. Bh6 Re8 13. hxg6 N7xg6 14. Bxg7 Kxg7
15. Qh6+ Kg8 16. Qxh7+ Kf8 17. Qh6+ Kg8 18. Nf5 Qf6 19. Nd5 Nxf3+ 20. gxf3 Qxb2
21. c3 Qxa1+ 22. Kf2 Qxc3 23. Nxc3 Bxf5 24. exf5 1-0

[Event "4. Wittelsbacher Weihnachts-Schach-Open"]
[Site "Kelheim"]
[Date "2015.12.28"]
[Round "3.18"]
[White "Hagen, Wolfgang"]
[Black "Eibl, Maximilian"]
[Result "0-1"]
[WhiteElo "1740"]
[BlackElo "2170"]
[PlyCount "98"]
[EventDate "2015.??.??"]
[WhiteTeam "TSV Mindelheim"]
[BlackTeam "SK Kelheim"]

1. Nf3 Nf6 2. d4 g6 3. c4 Bg7 4. Nc3 O-O 5. e4 d6 6. Be2 e5 7. O-O Nc6 8. dxe5
dxe5 9. Qxd8 Rxd8 10. Bg5 Re8 11. Rad1 h6 12. Bxf6 Bxf6 13. Nd5 Bd8 14. h3 Be6
15. Rfe1 f6 16. Bd3 Kf7 17. Bc2 Nb8 18. a3 c6 19. Ne3 Bb6 20. Nd2 a5 21. Kf1 a4
22. Bd3 Na6 23. Nc2 Nc5 24. Be2 Ba5 25. Nb4 Nb3 26. Nxb3 axb3 27. c5 Bxb4 28.
axb4 Ra4 29. b5 Rxe4 30. bxc6 bxc6 31. Bf3 Bc4+ 32. Kg1 Rxe1+ 33. Rxe1 Bd5 34.
Re3 Rb8 35. Bxd5+ cxd5 36. c6 d4 37. c7 Rc8 38. Rxb3 Rxc7 39. Kf1 Rc1+ 40. Ke2
Rc2+ 41. Ke1 f5 42. Rb6 e4 43. h4 e3 44. fxe3 dxe3 45. Rb7+ Kf6 46. Rb6+ Ke5
47. Rxg6 Rxb2 48. Kf1 h5 49. Rg8 Rf2+ 0-1

[Event "4. Wittelsbacher Weihnachts-Schach-Open"]
[Site "Kelheim"]
[Date "2015.12.28"]
[Round "3.19"]
[White "Maurer, Heinrich"]
[Black "Klimpel, Siegfried"]
[Result "1-0"]
[WhiteElo "2099"]
[BlackElo "1842"]
[PlyCount "76"]
[EventDate "2015.??.??"]
[WhiteTeam "SK Kelheim"]
[BlackTeam "TSV Kareth-Lappersdorf"]

1. e4 c5 2. Nf3 Nc6 3. d4 cxd4 4. Nxd4 e5 5. Nb5 d6 6. c4 a6 7. N5c3 f5 8. exf5
Bxf5 9. Bd3 Be6 10. O-O Rc8 11. Be3 Nf6 12. h3 Be7 13. b3 O-O 14. Ne4 Nxe4 15.
Bxe4 Bf5 16. Nc3 Qe8 17. Bxf5 Rxf5 18. Ne4 Qg6 19. Qg4 Qxg4 20. hxg4 Rf7 21.
Rfd1 Rd8 22. Rd2 b5 23. cxb5 axb5 24. Bb6 Ra8 25. Be3 Nb4 26. Nc3 Bf8 27. Nxb5
d5 28. a4 d4 29. Bg5 h6 30. Bh4 d3 31. Re1 Re8 32. Re4 Rd7 33. Bg3 Nc6 34. f4
Bb4 35. Rd1 d2 36. fxe5 Bc5+ 37. Kh2 Rf8 38. Rc4 Bf2 1-0

[Event "4. Wittelsbacher Weihnachts-Schach-Open"]
[Site "Kelheim"]
[Date "2015.12.28"]
[Round "3.20"]
[White "Müller, Dennis"]
[Black "Boos, Patrick"]
[Result "0-1"]
[WhiteElo "1729"]
[BlackElo "2046"]
[PlyCount "40"]
[EventDate "2015.??.??"]
[WhiteTeam "SC Kreut"]
[BlackTeam "SV Worms"]

1. e4 e6 2. d4 c5 3. Nf3 cxd4 4. Nxd4 Nf6 5. Nc3 Bb4 6. Bd3 Nc6 7. Be3 d5 8.
O-O Bxc3 9. bxc3 dxe4 10. Bb5 Bd7 11. Nxc6 bxc6 12. Bc4 O-O 13. g4 Qc7 14. f4
e5 15. f5 Rfd8 16. Qe2 Nd5 17. g5 Be8 18. Bc1 Qb6+ 19. Kh1 c5 20. Qxe4 Bc6 0-1

[Event "4. Wittelsbacher Weihnachts-Schach-Open"]
[Site "Kelheim"]
[Date "2015.12.28"]
[Round "3.21"]
[White "Nies, Peter"]
[Black "Swierzy, David"]
[Result "1-0"]
[WhiteElo "2020"]
[BlackElo "1648"]
[PlyCount "37"]
[EventDate "2015.??.??"]
[WhiteTeam "SK Gernsheim"]
[BlackTeam "SC Straubing"]

1. e4 Nf6 2. Nc3 e5 3. Nf3 Nc6 4. d4 exd4 5. Nxd4 Bb4 6. Nxc6 bxc6 7. Bd3 d6 8.
O-O h6 9. Qf3 O-O 10. Be3 Be6 11. Bd4 c5 12. Bxf6 Qxf6 13. Qxf6 gxf6 14. Nd5
Bxd5 15. exd5 Rfe8 16. c3 Ba5 17. Bb5 Re5 18. f4 Rxd5 19. Bc6 1-0

[Event "4. Wittelsbacher Weihnachts-Schach-Open"]
[Site "Kelheim"]
[Date "2015.12.28"]
[Round "3.22"]
[White "Lutter, Maximilian"]
[Black "Meul, Willi"]
[Result "0-1"]
[WhiteElo "1887"]
[BlackElo "1829"]
[PlyCount "108"]
[EventDate "2015.??.??"]
[WhiteTeam "SK Neumarkt"]
[BlackTeam "SV Hürth-Berrenrath"]

1. e4 c5 2. Nf3 d6 3. d4 cxd4 4. Qxd4 Nc6 5. Bb5 Bd7 6. Bxc6 Bxc6 7. c4 Nf6 8.
Nc3 e6 9. O-O Be7 10. h3 O-O 11. Be3 Qc7 12. Rac1 Qd7 13. Qd3 a6 14. Nd4 Rac8
15. Rfd1 Rfd8 16. f4 b6 17. Nxc6 Qxc6 18. b3 Nd7 19. Qe2 Nc5 20. Bxc5 dxc5 21.
Rxd8+ Rxd8 22. Rd1 Rxd1+ 23. Qxd1 Qd6 24. Qxd6 Bxd6 25. e5 Bc7 26. Ne4 Kf8 27.
Kf2 Ke7 28. Kf3 f6 29. exf6+ gxf6 30. g4 f5 31. Nc3 Kf7 32. a4 a5 33. Nd1 Bd8
34. Ne3 Kg6 35. Kg3 h6 36. Ng2 Be7 37. Ne1 Bd8 38. Nf3 Bc7 39. h4 fxg4 40. Kxg4
h5+ 41. Kg3 Kf5 42. Ng1 Bxf4+ 43. Kf3 e5 44. Ne2 e4+ 45. Kf2 Kg4 46. Nc3 e3+
47. Ke2 Kxh4 48. Kf3 Be5 49. Nd5 e2 50. Kxe2 Kg3 51. Nxb6 h4 52. Nd5 Bd4 53.
Kf1 h3 54. Ne7 Kf3 0-1

[Event "4. Wittelsbacher Weihnachts-Schach-Open"]
[Site "Kelheim"]
[Date "2015.12.28"]
[Round "3.23"]
[White "Taube, Hubertus"]
[Black "Meckel, Helmut"]
[Result "1/2-1/2"]
[WhiteElo "2041"]
[BlackElo "1777"]
[PlyCount "109"]
[EventDate "2015.??.??"]
[WhiteTeam "SK Neuperlach"]
[BlackTeam "SG Solingen"]

1. d4 Nf6 2. c4 e5 3. dxe5 Ne4 4. Nf3 Bb4+ 5. Bd2 Nxd2 6. Nbxd2 Nc6 7. a3 Bf8
8. Rc1 Qe7 9. e3 Nxe5 10. Be2 g6 11. O-O Bg7 12. b4 O-O 13. Qb3 d6 14. Rfd1 Be6
15. Nxe5 Bxe5 16. Nf3 Bg4 17. h3 Bd7 18. Nxe5 Qxe5 19. Rd5 Qf6 20. Qc3 Qxc3 21.
Rxc3 a5 22. c5 axb4 23. axb4 Ra1+ 24. Rd1 Rfa8 25. cxd6 cxd6 26. Kh2 Rxd1 27.
Bxd1 Ra2 28. Kg3 Rb2 29. Rb3 Rxb3 30. Bxb3 Kf8 31. h4 Ke7 32. Kf4 Be6 33. Bc2
Kf6 34. g4 h6 35. g5+ hxg5+ 36. hxg5+ Ke7 37. Be4 d5 38. Bd3 Kd6 39. Bb5 Bf5
40. Kf3 Ke5 41. Ke2 d4 42. Bc4 dxe3 43. Kxe3 Be6 44. f4+ Kd6 45. Be2 b6 46. Kd4
Bd5 47. Bd3 Ke6 48. Bc2 Kd6 49. f5 gxf5 50. Bxf5 Ba2 51. Bc8 Bb1 52. Bg4 Ba2
53. Bf5 Bb3 54. Bb1 Be6 55. Bd3 1/2-1/2

[Event "4. Wittelsbacher Weihnachts-Schach-Open"]
[Site "Kelheim"]
[Date "2015.12.28"]
[Round "3.24"]
[White "Brassat, Jürgen"]
[Black "Seidenschwarz, Holger"]
[Result "1/2-1/2"]
[WhiteElo "1889"]
[BlackElo "2017"]
[PlyCount "61"]
[EventDate "2015.??.??"]
[WhiteTeam "SV Altbach"]
[BlackTeam "SK Kelheim"]

1. d4 d5 2. c4 e6 3. Nc3 Be7 4. Nf3 Nf6 5. Bg5 O-O 6. e3 h6 7. Bh4 b6 8. cxd5
Nxd5 9. Bxe7 Qxe7 10. Nxd5 exd5 11. Be2 Be6 12. O-O Rc8 13. Qd2 c5 14. dxc5
bxc5 15. Rfc1 Qb7 16. Rc3 Nd7 17. Rac1 a5 18. b3 Qb4 19. a4 Nf6 20. Bd3 c4 21.
bxc4 dxc4 22. Rb1 Qxa4 23. Bc2 Qe8 24. Ra1 Qd8 25. Nd4 Qd5 26. Qe1 Ra6 27. Nxe6
Qxe6 28. e4 Qe5 29. f3 Nd7 30. Kh1 Nc5 31. Rxc4 1/2-1/2